| 000 | 00620nam a22001817a 4500 | ||
|---|---|---|---|
| 005 | 20250901162604.0 | ||
| 008 | 250901b |||||||| |||| 00| 0 eng d | ||
| 020 | _a978-81239-1157-2 | ||
| 050 |
_aQM 23 . C 354 2004 V. 3 _b4 |
||
| 100 | _aCHAURAISIA, B . D | ||
| 245 | _aHUMAN ANATOMY:REGIONAL AND APPLIED DISSECTION AND CLINICAL | ||
| 250 | _a4 | ||
| 260 |
_aNEW DELHI, _bCBS PUBLISHERS & DISTRIBUTORS, _c2004, |
||
| 300 | _aXVi, 415 P, ILL | ||
| 500 | _aINCLUDES BIBLIOGRAPHICAL REFERENCES AND INDEX | ||
| 650 | _aAnatomy, Surgical and topographical Arm Anatomy, Brain Anatomy, Chest Anatomy | ||
| 942 |
_2lcc _cBK |
||
| 999 |
_c216059 _d216059 |
||